kku e-library facility

Mathematical Physics (Record no. 190)

MARC details
000 -LEADER
fixed length control field 00395nam a2200145 4500
005 - DATE AND TIME OF LATEST TRANSACTION
control field 20260313101050.0
008 - FIXED-LENGTH DATA ELEMENTS--GENERAL INFORMATION
fixed length control field 260313b |||||||| |||| 00| 0 eng d
020 ## - INTERNATIONAL STANDARD BOOK NUMBER
International Standard Book Number 978-81259-3096-9
100 ## - MAIN ENTRY--PERSONAL NAME
Personal name Gupta B.D
245 ## - TITLE STATEMENT
Title Mathematical Physics
Statement of responsibility, etc. /B.D Gupta
250 ## - EDITION STATEMENT
Edition statement 4th ed
260 ## - PUBLICATION, DISTRIBUTION, ETC.
Place of publication, distribution, etc. India;
Name of publisher, distributor, etc. Vikas Publishing House PVT LTD;
Date of publication, distribution, etc. 2010
300 ## - PHYSICAL DESCRIPTION
Extent xvi,15.150p. ill;
Dimensions 23.7cm
942 ## - ADDED ENTRY ELEMENTS (KOHA)
Source of classification or shelving scheme Library of Congress Classification
Suppress in OPAC No
Koha item type Books

No items available.

©2025 All rights reserved. KKU